000 01486nab a2200325 i 4500
001 193723
003 ES-MaACL
005 20250826062532.0
007 t|
008 240207s1928 sp ||||1| spa d
040 _aES-MaACL
_bspa
_cES-MaACL
100 1 _aCedillo, Jerónimo López de Ayala y Álvarez de Toledo,
_cConde de,
_d1862-1934
_eaut
_937325
245 1 0 _aCentenario de Moratín :
_b"la musa de la historia en la poesía moratiniana" /
_cconde de Cedillo
260 _a[Madrid] :
_bLa Esfera,
_c[1928]
300 _a2 páginas :
_b2 ilustraciones ;
_c42 cm
336 _2rdacontent
_atexto
337 _2rdamedia
_asin mediación
338 _2rdacarrier
_avolumen
500 _aFotocopia del discurso pronunciado por el conde de Cedillo en el Ateneo de Madrid, con motivo del centenario de Leandro Fernández de Moratín, publicado en la revista "La Esfera", 30 de junio de 1928, n. 756
599 _aPersonalidades que tomaron parte en el homenaje tributado a Moratín por el Ateneo de Madrid / foto, Díaz Casariego
600 1 7 _aFernández de Moratín, Leandro,
_d1760-1828-
_xCrítica e interpretación
_9143062
610 2 4 _aAteneo de Madrid-
_vConferencias-
_y1900-1939
_91907
655 0 _aConferencias
_9234444
655 4 _aArtículos
_9175745
700 1 _aDíaz Casariego, José,
_d1896-1967
_epht
_9235164
852 4 _aES-MaACL
_cDEPOF
_j2347-F-66
_9201257
942 _2udc
_cANAB
_n0
999 _c193723
_d193723